Travailler (Record no. 4979)

MARC details
000 -CABECERA
campo de control de longitud fija 02482nam a22002177a 4500
008 - DATOS DE LONGITUD FIJA--INFORMACIÓN GENERAL
campo de control de longitud fija 250923b |||||||| |||| 00| 0 eng d
020 ## - NÚMERO INTERNACIONAL ESTÁNDAR DEL LIBRO
Número Internacional Estándar del Libro 9782080485090
040 ## - FUENTE DE LA CATALOGACIÓN
Centro/agencia transcriptor tbs
041 ## - CÓDIGO DE LENGUA
Código de lengua del texto/banda sonora o título independiente fre
050 ## - SIGNATURA TOPOGRÁFICA DE LA BIBLIOTECA DEL CONGRESO
Número de clasificación HD4904
Número de documento/Ítem S8914 2023
100 ## - ENTRADA PRINCIPAL--NOMBRE DE PERSONA
Nombre de persona Suzman, James
9 (RLIN) 25952
Término indicativo de función/relación author
240 ## - TÍTULO UNIFORME
Título uniforme Work
Lenguaje de la obra French.
245 ## - MENCIÓN DE TÍTULO
Título Travailler
Resto del título : la grande affaire de l'humanité
Mención de responsabilidad, etc. / James Suzman.
260 ## - PUBLICACIÓN, DISTRIBUCIÓN, ETC.
Lugar de publicación, distribución, etc. Paris :
Nombre del editor, distribuidor, etc. Flammarion,
Fecha de publicación, distribución, etc. 2023.
300 ## - DESCRIPCIÓN FÍSICA
Extensión 470 pages :
Otras características físicas illustrations, graphs, maps (black and white) ;
Dimensiones 18 cm.
490 ## - MENCIÓN DE SERIE
Mención de serie Champs
Designación de volumen o secuencia Essais
520 ## - SUMARIO, ETC.
Sumario, etc. Le travail détermine les personnes avec qui nous passons la plupart de notre temps, alimente nos valeurs morales et politiques, façonne nos perspectives d'avenir. L'histoire des premiers homo sapiens révèle pourtant un monde où le travail ne jouait pas ce rôle primordial. Pourquoi travaillons-nous autant ? Comment le travail a-t-il pu façonner à ce point notre évolution ? James Suzman propose une nouvelle histoire du travail en s'appuyant sur vingt-cinq ans de recherches, à l'interface entre les tribus de chasseurs-cueilleurs, les premières sociétés agricoles et le monde industrialisé. Il révèle comment les révolutions technologiques successives ont déformé notre conception de l'effort et de la récompense, engendrant une série de problèmes sociaux, économiques et environnementaux. La perspective d'une automatisation généralisée, susceptible de transformer en profondeur nos sociétés laborieuses, révèle l'urgence de réinventer notre rapport au travail.
520 ## - SUMARIO, ETC.
Sumario, etc. Work determines the people we spend most of our time with, fuels our moral and political values, and shapes our visions of the future. Yet the history of the first homo sapiens reveals a world in which work did not play such a central role. Why do we work so much? How has work come to shape our evolution so profoundly? James Suzman offers a new history of work, drawing on twenty-five years of research at the intersection of hunter-gatherer tribes, the first agricultural societies, and the industrialized world. He shows how successive technological revolutions have distorted our understanding of effort and reward, giving rise to a series of social, economic, and environmental problems. The prospect of widespread automation, likely to profoundly transform our labor-driven societies, underscores the urgency of reinventing our relationship with work.
650 #0 - PUNTO DE ACCESO ADICIONAL DE MATERIA--TÉRMINO DE MATERIA
Término de materia o nombre geográfico como elemento de entrada Industrial sociology
9 (RLIN) 12339
942 ## - ELEMENTOS DE ENTRADA AGREGADA (KOHA)
Fuente del sistema de clasificación o colocación Clasificación de Library of Congress
Holdings
Estado de retiro Estado de pérdida Fuente del sistema de clasificación o colocación Estado dañado No para préstamo Biblioteca de origen Biblioteca actual Fecha de adquisición Total de préstamos Renovaciones totales Signatura topográfica completa Código de barras Fecha de vencimiento Fecha visto por última vez Fecha del último préstamo Número de copia Precio válido a partir de Tipo de ítem Koha
    Clasificación de Library of Congress     TBS Barcelona TBS Barcelona 23/09/2025 2 2 HD4904 SUZ B07596 28/02/2026 14/01/2026 14/01/2026 1 23/09/2025 Book

Powered by Koha